Normal view
MARC view
Entry Personal Name
001 - CONTROL NUMBER
- control field: 77628
003 - CONTROL NUMBER IDENTIFIER
- control field: dpl
005 - DATE AND TIME OF LATEST TRANSACTION
- control field: 20250217150234.0
008 - FIXED-LENGTH DATA ELEMENTS
- fixed length control field: 250217|| aca||aabn | a|a d
040 ## - CATALOGING SOURCE
- Original cataloging agency: dpl
- Transcribing agency: dpl
100 ## - HEADING--PERSONAL NAME
- Personal name: D.K. Uttam
670 ## - SOURCE DATA FOUND
- Source citation: Work cat.: (dpl)209093: D.K. Uttam, Basic concept of Science and Technology, 2024
